Happiness to live by : (Record no. 368464)
[ view plain ]
| 000 -LEADER | |
|---|---|
| fixed length control field | 00911nam a22002057a 4500 |
| 003 - CONTROL NUMBER IDENTIFIER | |
| control field | 0 |
| 005 - DATE AND TIME OF LATEST TRANSACTION | |
| control field | 20251105091621.0 |
| 008 - FIXED-LENGTH DATA ELEMENTS--GENERAL INFORMATION | |
| fixed length control field | 251105b xxu||||| |||| 00| 0 eng d |
| 020 ## - INTERNATIONAL STANDARD BOOK NUMBER | |
| International Standard Book Number | 978-0-7852-9638-6 |
| 050 ## - LIBRARY OF CONGRESS CALL NUMBER | |
| Classification number | BJ 1589 |
| Item number | .Z54 2022 |
| 100 ## - MAIN ENTRY--PERSONAL NAME | |
| Personal name | Ziglar, Zig, |
| Dates associated with a name | 1926–2012, |
| Relator term | author. |
| 245 ## - TITLE STATEMENT | |
| Title | Happiness to live by : |
| Remainder of title | 100 inspiring stories to bring joy to your heart / |
| Statement of responsibility, etc | Zig Ziglar. |
| 260 ## - PUBLICATION, DISTRIBUTION, ETC. (IMPRINT) | |
| Place of publication, distribution, etc | Nashville : |
| Name of publisher, distributor, etc | W Publishing Group, |
| Date of publication, distribution, etc | 2022. |
| 300 ## - PHYSICAL DESCRIPTION | |
| Extent | viii, 200 pages ; |
| Dimensions | 20 cm. |
| 520 ## - SUMMARY, ETC. | |
| Summary, etc | A collection of one hundred motivational stories and reflections by Zig Ziglar that inspire readers to live with faith, integrity, and optimism. Drawing from personal experiences and timeless wisdom, the author offers encouragement for achieving happiness, success, and a meaningful life. |
| 650 ## - SUBJECT ADDED ENTRY--TOPICAL TERM | |
| Topical term or geographic name as entry element | Conduct of life. |
| 650 ## - SUBJECT ADDED ENTRY--TOPICAL TERM | |
| Topical term or geographic name as entry element | Happiness. |
| 650 ## - SUBJECT ADDED ENTRY--TOPICAL TERM | |
| Topical term or geographic name as entry element | Success |
| General subdivision | Religious aspects. |
| 942 ## - ADDED ENTRY ELEMENTS (KOHA) | |
| Source of classification or shelving scheme | Library of Congress Classification |
| Koha item type | Books |
| Withdrawn status | Lost status | Source of classification or shelving scheme | Damaged status | Home library | Current library | Shelving location | Date acquired | Source of acquisition | Sub Shelving location | Total Checkouts | Full call number | Barcode | Date last seen | Price effective from | Koha item type |
|---|---|---|---|---|---|---|---|---|---|---|---|---|---|---|---|
| Library of Congress Classification | Luxembourg Library | Luxembourg Library | High School Section | 11/19/2024 | Library Fund | BJ 1589 .Z54 2022 | 21413 | 11/05/2025 | 11/05/2025 | Books |